Provinces of Classical Japan with a Map - Statistics

General Stats
  • This quiz has been taken 653 times
  • The average score is 23 of 61
Answers on the Map
Answers color-coded by a green-red scale on the quiz's map according to % correct below.
 
Answer Stats
Provinces % Correct
Yamato
55%
Tsushima
53%
Izu
49%
Awa
48%
Echigo
48%
Musashi
48%
Satsuma
48%
Kai
46%
Owari
46%
Tosa
46%
Aki
45%
Ise
45%
Echizen
44%
Kii
43%
Oki
43%
Shinano
43%
Settsu
42%
Shima
42%
Yamashiro
41%
Bizen
40%
Mino
40%
Sado
40%
Awaji
39%
Bingo
38%
Mikawa
38%
Mutsu
38%
Ōmi
38%
Iga
37%
Izumo
37%
Sagami
37%
Bitchū
36%
Bungo
36%
Etchū
36%
Hitachi
36%
Hizen
36%
Shimōsa
36%
Suruga
36%
Hyūga
35%
Nagato
34%
Sanuki
34%
Buzen
33%
Harima
33%
Iyo
33%
Chikuzen
32%
Hida
32%
Higo
32%
Kawachi
32%
Kōzuke
32%
Tanba
32%
Kazusa
31%
Suo
31%
Tōtōmi
31%
Wakasa
31%
Iki
30%
Shimotsuke
30%
Chikugo
28%
Iwami
27%
Inaba
25%
Tajima
25%
Hōki
23%
Tane
21%
No matching quizzes found
Score Distribution
Percent of People with Each Score
Percentile by Number Answered
Your Score History
You have not taken this quiz